00686nam a2200181 i 4500001000700000003000900007005001700016008004100033100003100074245004400105260005800149300002100207490005700228650003100285650003300316830005700349852009800406166910ES-MaACL20230906213427.0000703s1892 sp |||| | spa d1 aValera Jiménez, Tomás.10aRopas de la mujer / cValera Jiménez. aMadrid : b[s.n.], c1892 (fEst. Tip. de Lucas Polo) a77 p. ; c21 cm.1 aApuntes de higiene. Colección de artículos ; v2 4aMujeres-xSalud e higiene. 4aPrendas de vestir femeninas.1 aApuntes de higiene. Colección de artículos ; v2 aES-MaACLjT-686-F-2 z- Enc. hol., conservando cub. original z- Enc. en un vol. facticio